Score 0/10 Timer 05:00
1 Play Today
Question Answer % Correct
On Halloween who dresses up as a penguin?Barney
89.4%
Ted and Barney lick what national landmark?Liberty Bell
75.6%
Who does Ted say always told him nothing good happens after 2AM?His Mother
72%
Where is Victoria's fellowship?Germany
67.7%
What rule does Barney invent to end a date in the first five minutes?Lemon Law
56.2%
In the episode 'Belly Full of Turkey', what do Barney and Lily both get arrested for?Public Urination
48.8%
Who writes a phone number on Ted's arm the night that he blacks out?Carl
46.5%
What board game does Robin invite Barney back to her apartment to play?Battleship
44%
What is Stuart's wife's name?Claudia
33.2%
In the episode 'Life Among the Gorillas', what song do Marshall and Lily sing together?Don't Go Breaking My Heart
27.2%
Remove Ads.
Support Sporcle.
Get the best of Sporcle when you Go Orange. This ad-free experience offers more features, more stats, and more fun while also helping to support Sporcle. Thank you for becoming a member.

You're not logged in!

Compare scores with friends on all Sporcle quizzes.
OR
Log In

Show Comments

Extras

Top Quizzes Today


Score Distribution

Your Account Isn't Verified!

In order to create a playlist on Sporcle, you need to verify the email address you used during registration. Go to your Sporcle Settings to finish the process.

Report this User

Report this user for behavior that violates our Community Guidelines.

Details: